Teoría del lenguaje y lingüística general: cinco estudios

Uloženo v:
Podrobná bibliografie
Hlavní autor: Coseriu, Eugenio (Autor)
Médium: Kniha
Jazyk:španělština
Vydáno: Madrid Gredos 1967
Vydání:2a. ed
Edice:Biblioteca Románica Hispánica. Estudios y Ensayos
Témata:
Tagy: Přidat tag
Žádné tagy, Buďte první, kdo vytvoří štítek k tomuto záznamu!

MARC

LEADER 00000nam a2200000 a 4500
001 UCM2405
003 CL-VaPUC
008 020510e19670000SP |||||||||||||||||spa|d
082 0 4 |a 401  |b COS  |2 21 
100 0 |a Coseriu, Eugenio  |e author  |9 469155 
245 1 0 |a Teoría del lenguaje y lingüística general: cinco estudios 
250 |a 2a. ed 
300 |a 323 p 
942 |c BK 
945 |d 20020510 00:00:00  |a vberengu 
260 |a Madrid  |b Gredos  |c 1967 
650 7 |a TEORIA LINGUISTICA  |2 CL-VaPUC  |9 334835 
650 0 |a Lingüística  |9 265068 
650 0 |a Fonética  |9 308371 
650 0 |a Fonología   |9 341074 
583 |a last modification  |c 20020510 00:00:00  |k Rodrigo Vera 
490 0 |a Biblioteca Románica Hispánica. Estudios y Ensayos 
999 |c 300254  |d 300252 
952 |0 0  |1 0  |4 0  |6 401_000000000000000_COS_1967  |7 0  |8 P  |9 357796  |a BIBEDU  |b BIBEDU  |c BIBEDU_PB  |d 2019-11-21  |i 381534K  |o 401 COS 1967  |p 381534K  |r 2024-01-25  |w 2019-11-21  |y BK  |k BME